000 01038cam a22001934a 4500
005 20250605164336.0
008 250528s ||||||||||||||||||||||||d
035 _a23449
040 _aGR-AtMCL
_bgre
_dGR-AtMCL
_eAACR2
245 1 _aThe Discourses of Alcohol Abuse in the Social Construction of the Micro and Macro World of the Addict by the Perspective of the Therapist.
260 _c2016
300 _a77
520 _aIntroduction, Methodology Advantages of Using Focauldian Discourses Analysis (FDA), Data Collection, Materials, Sample, Procedure, Ethical Considerations, Analysis, the Position of the Alcoholic in Society, the Stigma and Racism Towards Addicts due to Media, Stereotypes According to the Social Framework, the Role of the Alcoholic in the Family, the Absence of the Father, Modeling Behavior, Relapse, Family Framework, Discussion, Reflexivity, References, Appendix.
700 1 _aAlexandra Vasiliki Nikoleta
_99018
700 1 _aLouka Penelope
_99017
942 _cDS
999 _c8459
_d8459